Eurofondy pre Bratislavský kraj

Projekt Bratislavskej integrovanej dopravy (BID). Možnosti čerpania finančných prostriedkov na dopravu. Prepojenie systému na MHD. Komplexný proces využívania elektronizácie. Operačný program Bratislavský kraj.

Gespeichert in:
Bibliographische Detailangaben
1. Verfasser: Nemeček, Miloš
Format: Buchkapitel
Sprache:Slowakisch
Schlagworte:
Tags: Tag hinzufügen
Keine Tags, Fügen Sie das erste Tag hinzu!

MARC

LEADER 00000naa a2200000 4500
001 0127014
005 20220725111349.3
041 0 |a slo 
044 |a SK 
245 1 0 |a Eurofondy pre Bratislavský kraj  |c Miloš Nemeček 
520 |a Projekt Bratislavskej integrovanej dopravy (BID). Možnosti čerpania finančných prostriedkov na dopravu. Prepojenie systému na MHD. Komplexný proces využívania elektronizácie. Operačný program Bratislavský kraj. 
610 2 0 |a mestá 
610 2 0 |a regióny 
610 2 0 |a ekonomika priestorová 
610 2 0 |a fondy štruktúrne 
610 2 0 |a rozvoj územný 
610 2 0 |a doprava 
610 2 0 |a doprava integrovaná 
610 2 0 |a technológie nové 
610 2 0 |a transfer inovácií 
610 2 0 |a elektronizácia 
100 1 |a Nemeček, Miloš